Pasienes klostera arhitektūras pēdējie pētījumi
| Titel: | Pasienes klostera arhitektūras pēdējie pētījumi |
|---|---|
| Verfasser: | |
| In: |
Latvijas Zinātņu Akadēmija: Latvijas Zinātnu Akadēmijas vēstis. A daļa, Sociālās un humanitārās zinātnes, Band 67 (2013), Seite 180-190, 8 Abb. alle Artikel anzeigen |
| Veröffentlicht: | 2013 |
| Format: | Aufsatz |
| Sprache: | Lettisch |
X
alg: 39176553 001A $01999:11-11-16 001B $01999:15-05-21 $t21:03:47.000 001C $06050:19-11-16 $t09:36:02.000 001D $01999:11-11-16 001U $0utf8 001X $00 002@ $0Aox 003@ $0391765531 007A $0391765531 $aHEB 007T $0Herdc0111903m 010@ $alav 011@ $a2013 021A $aPasienes klostera arhitektūras pēdējie pētījumi 028A $aDirveiks $dIlmārs 031A $d67 $h180-190, 8 Abb. $j2013 037A $aengl. Res. 190: Latest resaerch of Pasiene monastery architecture 039B $aIn $8--Abvc--Latvijas Zinātņu Akadēmija [Tb1]. Latvijas Zinātnu Akadēmijas vēstis. A daļa, Sociālās un humanitārās zinātnes. - Rīgā, 1992-. - ISSN 0868-6556 $x201300000670000820 $9048608599 045F $a307.094796 $eDDC23BSB 045F/01 $a307.09 045F/03 $g4796 045T $a24 $a7,44 lok: 39176553 78 exp: 39176553 78 1 #EPN 201B/01 $019-04-17 $t10:22:49.000 201U/01 $0utf8 203@/01 $0787860409 208@/01 $a11-11-16 $be 209A/01 $a/ $f000 $x00 220C/01 $aTitelaufnehmer: kk 220C/01 $aHerkunft: HI Marburg 244Z/01 $2Trx $#Latvija $#Lettland $#Łotwa $#Lotyšsko $8--Trx--Latvija $x01 $9391275879 244Z/01 $2Trx $#Possinja Ludsen $8--Trx--Pasiene$gLudzas $x02 $9391224166 244Z/01 $2Trx $#Latgale $#Latgala $#Lettgallen $#Latgalia $#Latgale $#Łatgalia $#Latgalija $#Polnisch-Livland $8--Trx--Latgale $x03 $9391265105 244Z/01 $aGeschichte 1700-1800 $x04 244Z/01 $2Trx $#kloostrid $#vienuolynai $#monasteries $#kolostorok $#klasztory $#kláštory $#kláštery $8--Trx--Klöster $x05 $9391383108 244Z/01 $2Trx $#ordud dominiiklased $#ordinas dominikonų $#order Dominicans $#szerzetesrendek Dominikánusok $#zakony, dominikanie $#rád, dominikáni $#řád, dominikáni $#Dominikaner $#dominikáni $8--Trx--Orden$gDominikaner $x06 $9391372351 244Z/01 $2Trx $#seinamaalingud $#freskos $#wall painting $#falfestés $#malowidła ścienne $#maľby nástenné $#malby nástěnné $#Fresken $#freski $#fresky $#fresky $8--Trx--Wandmalerei $x07 $9391355325 244Z/01 $2Trx $8--Trx--Zeitschriftenaufsatz $x08 $9391384341 245Z/01 $a13.03 $x01 245Z/01 $a11.10 $x02 247C/01 $82080>Marburg/Lahn, Herder-Institut, Forschungsbibliothek, Bibliographieportal $9336309341
| LEADER | 00000caa a22000002c 4500 | ||
|---|---|---|---|
| 001 | 391765531 | ||
| 003 | DE-603 | ||
| 005 | 20210515210347.0 | ||
| 007 | tu | ||
| 008 | 161111s2013 xx |||| | u00||u|lav c | ||
| 035 | |a (DE-599)HEB391765531 | ||
| 040 | |a DE-603 |b ger |c DE-603 |d DE-603 | ||
| 041 | |a lav | ||
| 082 | 0 | 4 | |8 1\u |a 307.094796 |q DE-101 |2 23/BSB |
| 084 | |a 24 |a 7,44 |2 ssgn | ||
| 085 | |8 1\u |b 307.09 | ||
| 085 | |8 1\u |z 2 |s 4796 | ||
| 100 | 1 | |a Dirveiks, Ilmārs | |
| 245 | 0 | 0 | |a Pasienes klostera arhitektūras pēdējie pētījumi |
| 264 | 0 | |c 2013 | |
| 500 | |a engl. Res. 190: Latest resaerch of Pasiene monastery architecture | ||
| 773 | 0 | 8 | |i In |a Latvijas Zinātņu Akadēmija |t Latvijas Zinātnu Akadēmijas vēstis. A daļa, Sociālās un humanitārās zinātnes |d Rīgā, 1992- |x 0868-6556 |g Band 67 (2013), Seite 180-190, 8 Abb. |w (DE-603)048608599 |w (DE-600)1116654-X |
| 924 | 0 | |9 2080 |a (DE-603)787860409 |b DE-2080 |c HES |d d |g / | |


